00690cam a2200181 a 4500020001500000040000800015082002900023100002100052245005400073250001200127260012400139300002900263520015100292650001400443650001800457650001500475650001800490 a0875185819 cDLC00a305 MAX 1994 A019 Or.aB1 aWhitelaw, Nancy.10aMargaret Sanger :b"every child a wanted child" / a1st ed. aNew York :bDillon Press ;aToronto :bMaxwell Macmillan Canada ;aNew York :bMaxwell Macmillan International,cc1994. a160 p. :bill. ;c24 cm. aA biography of Margaret Sanger, the indomitable fighter for birth control and a feminist who asked women to take responsibility for their freedom. 0aFeminists 0aBirth control 1aFeminists. 1aBirth control